Statistiques concernant Culture Générale - Série 96

Cliquez ici pour prendre le quiz!

Statistiques générales

  • Ce quiz a été pris 460 fois
  • Le résultat moyen est 7 sur 10

Statistiques - réponses

QuestionRéponse% Correct
Quel animal est Pan-Pan dans "Bambi" ?Lapin
91%
En quelle matière est "le Petit Bonhomme" chanté par Patrick Sébastien ?Mousse
87%
Dans quel sport s'est illustrée Martina Navratilova ?Tennis
79%
Quel insecte est pris par celui qui se vexe et pique celui qui se fâche ?Mouche
74%
Où était Archimède lorsqu'il découvrit son fameux principe ?Bain
66%
De quel instrument joue Pierre Richard dans "le Grand Blond avec une chausure noire" ?Violon
65%
Quelle famille vit dans "la Petite Maison dans la prairie" ?Ingalls
61%
Quel âge a Pierre Perret dans "les Jolies Colonies de vacances" ?8 ans
60%
Quelle actrice française surnommée "La grande sauterelle" est décédée le 28-08-2017 ,à l'âge de 79 ans ?Mireille Darc
39%
Dans quelle ville française se déroulent les Transmusicales ?Rennes
30%

Distribution des résultats

Percentile par nombre de réponses

% des personnes avec chaque résultat

Votre développement - résultats

Vous n’avez pas pris ce quiz